Itinerario y trayectos heréticos de José Carlos Mariátegui
Sparad:
| Huvudupphovsman: | |
|---|---|
| Materialtyp: | Bok |
| Språk: | spanska |
| Publicerad: |
Santiago
Quimantú
2010
|
| Upplaga: | 1a. ed |
| Serie: | Papel Lustre, 10
|
| Ämnen: | |
| Taggar: |
Lägg till en tagg
Inga taggar, Lägg till första taggen!
|
MARC
| LEADER | 00000cam a2200000 a 4500 | ||
|---|---|---|---|
| 001 | UCD7300 | ||
| 003 | CL-VaPUC | ||
| 008 | 170317e20100000cl |||||||||||||||||spa|d | ||
| 082 | 0 | 4 | |a 923.2 |b FER |2 21 |
| 100 | 0 | |a Fernández Díaz, Osvaldo |e author |9 591277 | |
| 245 | 1 | 0 | |a Itinerario y trayectos heréticos de José Carlos Mariátegui |
| 250 | |a 1a. ed | ||
| 300 | |a 217 p | ||
| 942 | |c BK | ||
| 945 | |d 20170317 22:16:00 |a dcastane | ||
| 260 | |a Santiago |b Quimantú |c 2010 | ||
| 650 | 0 | |a Biografías |9 255210 | |
| 650 | 0 | |a Políticos |9 256302 | |
| 650 | 0 | |a Socialismo |9 255260 | |
| 650 | 7 | |a MARXISMO |2 CL-VaPUC |9 591278 | |
| 583 | |a last modification |c 20170317 22:16:00 |k Rodrigo Vera | ||
| 490 | 0 | |a Papel Lustre, 10 | |
| 999 | |c 367362 |d 367360 | ||
| 952 | |0 0 |1 0 |3 erb |4 0 |6 923_200000000000000_FER_2010 |7 0 |8 A |9 482200 |a BIBEDU |b BIBEDU |i 5367441 |o 923.2 FER 2010 |p 5367441 |r 2019-11-24 |w 2019-11-24 |y BK |z Catalogado en:20170317 |k FIL | ||
| 952 | |0 0 |1 0 |3 erb |4 0 |6 923_200000000000000_FER_2010 |7 0 |8 A |9 482201 |a BIBEDU |b BIBEDU |i 5367433 |o 923.2 FER 2010 |p 5367433 |r 2019-11-24 |w 2019-11-24 |y BK |z Catalogado en:20170317 |k FIL | ||